[Event "Spring"]
[Site "Mukachevo UKR"]
[Date "2009.02.25"]
[Round "4"]
[White "Karalkin,M"]
[Black "Bernadskiy,V"]
[Result "0-1"]
[WhiteElo "2190"]
[BlackElo "2276"]

1.e4 e6 2.d4 d5 3.Nd2 Nc6 4.Ngf3 Nf6 5.e5 Nd7 6.Be2 f6 7.exf6 Qxf6 8.Nf1 Bd6
9.Ne3 O-O 10.O-O Qg6 11.c4 Nf6 12.a3 Bd7 13.b4 a6 14.Qd3 Qh5 15.Bb2 Qh6 16.Ne5 dxc4
17.N3xc4 Bxe5 18.dxe5 Nd5 19.Bf3 Nce7 20.Rfe1 Bc6 21.Be4 Nf4 22.Qg3 Rad8
23.Bxc6 Nxc6 24.Qe3 Qg6 25.Qf3 Nd3 26.Qg3 Qxg3 27.hxg3 b5 28.Na5 Nxa5  0-1

[Event "25th Open"]
[Site "Cappelle la Grande FRA"]
[Date "2009.02.28"]
[Round "1"]
[White "Bachmann,Ax"]
[Black "Delorme,Ax"]
[Result "1/2-1/2"]
[WhiteElo "2563"]
[BlackElo "2415"]

1.e4 e6 2.d4 d5 3.Nd2 a6 4.Ngf3 Nf6 5.e5 Nfd7 6.c4 dxc4 7.Bxc4 Nb6 8.Bd3 Bd7
9.Qe2 Bc6 10.O-O Qd7 11.Ne4 Bb5 12.Bg5 Nd5 13.Rac1 h6 14.Be3 Bxd3 15.Qxd3 Nc6
16.Qb3 Rb8 17.Ne1 Be7 18.Nd3 O-O 19.Qd1 Ncb4 20.Nxb4 Bxb4 21.Qg4 Kh7 22.Qh5 Qe7
23.g4 f5 24.exf6 Nxf6 25.Nxf6+ Rxf6 26.Qe5 Bd6 27.Qe4+ Kg8 28.f4 Qf7 29.Rf3 c6
30.Rcf1 Rf8 31.a3 Bc7 32.Kg2 Bd6 33.Bd2 Kh8 34.h4 Kg8 35.g5 Rf5 36.Rg3 hxg5
37.hxg5 Qg6 38.Re1 Re8 39.Rb3 Re7 40.Rh3 Re8 41.Rb3 Re7 42.Rh3 Re8 43.Rb3  1/2-1/2

[Event "Bundesliga 2008-9"]
[Site "Solingen GER"]
[Date "2009.02.28"]
[Round "12"]
[White "Handke,F"]
[Black "Hoffmann,Pau"]
[Result "1-0"]
[WhiteElo "2498"]
[BlackElo "2338"]

1.e4 e6 2.d4 d5 3.Nd2 Nc6 4.Ngf3 Nf6 5.e5 Nd7 6.Bb5 Be7 7.O-O a5 8.a4 Na7
9.Bd3 c5 10.c3 b6 11.Re1 Nc6 12.c4 Nb4 13.Bb1 Nb8 14.cxd5 exd5 15.Nf1 Be6
16.Ng3 Qd7 17.Nh5 O-O 18.Nxg7 Kxg7 19.Qd2 Bf5 20.Qh6+ Kg8 21.e6 fxe6 22.Ne5 Qc8
23.Ra3  1-0

[Event "Bundesliga 2008-9"]
[Site "Eppingen GER"]
[Date "2009.03.01"]
[Round "13"]
[White "Tiviakov,S"]
[Black "Feygin,M"]
[Result "1-0"]
[WhiteElo "2686"]
[BlackElo "2569"]

1.e4 e6 2.d4 d5 3.Nd2 Be7 4.c3 c5 5.dxc5 Bxc5 6.Bd3 Nf6 7.Qe2 a5 8.Nb3 Be7
9.e5 Nfd7 10.a4 b6 11.Nd4 Ba6 12.Bb5 Bxb5 13.axb5 Qc7 14.Ngf3 g5 15.h3 h5
16.Nxg5 Qxe5 17.Be3 Bxg5 18.Nf3 Qf5 19.Nxg5 Ne5 20.O-O Nbd7 21.f4 Nc4 22.Bd4 Rh6
23.Nf3 Ke7 24.Nh4 Qe4 25.Qf2 Rg8 26.Rfe1 Qd3 27.Kh2 Nd6 28.Rad1 Qxb5 29.f5 Ne4
30.Qf4 Rh7 31.c4 Qc6 32.cxd5 exd5 33.Rc1 Qd6 34.f6+ Ke6 35.Qxd6+ Kxd6 36.Nf5+ Ke6
37.Ne7 Nxf6 38.Nxg8 Nxg8 39.Rc6+ Kd7 40.Rxb6 Ne7 41.Rb5 Rh6 42.Rf1 f5 43.Rxa5 Rc6
44.Rfa1 Rc4 45.R5a4 Rxa4 46.Rxa4 Nc6 47.Kg1 f4 48.Kf1 Ke6 49.Ke2 Kf5 50.Bf2 Ne5
51.Be1 Nc5 52.Rd4 f3+ 53.gxf3 Ne6 54.Rd1 Nf4+ 55.Kf1 Nxf3 56.Bg3 Nxh3 57.Rxd5+ Kg4
58.Bd6 Nhg5 59.b4 Ne4 60.b5 Nfd2+ 61.Kg1 Nf3+ 62.Kf1 Nfd2+ 63.Kg2 Nc4 64.Bc5 h4
65.b6 Nxc5 66.Rd4+ Kf5 67.Rxc4 Nb7 68.Rc7  1-0

[Event "25th Open"]
[Site "Cappelle la Grande FRA"]
[Date "2009.03.06"]
[Round "8"]
[White "Lochte,T"]
[Black "Burg,T"]
[Result "0-1"]
[WhiteElo "2183"]
[BlackElo "2389"]

1.e4 e6 2.d4 d5 3.Nd2 Nc6 4.Ngf3 Nf6 5.e5 Nd7 6.c3 f6 7.exf6 Qxf6 8.Be2 Bd6
9.O-O O-O 10.Nb3 a5 11.a4 Kh8 12.Bg5 Qg6 13.Qd3 Qh5 14.h4 Qf7 15.Be3 e5 16.Ng5 Qg8
17.f3 exd4 18.cxd4 Nb6 19.g4 Nc4 20.Bc1 h6 21.Nh3 Qe6 22.f4 Nb4 23.Qf3 Qf6
24.Kg2 Nc2 25.Rb1 Bxg4 26.Qf2 Bxe2 27.Qxe2 Nxd4  0-1

[Event "10th EICC"]
[Site "Budva MNE"]
[Date "2009.03.07"]
[Round "2"]
[White "Durarbeyli,V"]
[Black "Yemelin,V"]
[Result "0-1"]
[WhiteElo "2439"]
[BlackElo "2578"]

1.e4 e6 2.d4 d5 3.Nd2 Be7 4.Bd3 c5 5.dxc5 Nf6 6.Qe2 O-O 7.Ngf3 a5 8.O-O Na6
9.e5 Nd7 10.c3 Naxc5 11.Bc2 b6 12.Re1 Ba6 13.Qe3 f6 14.b4 fxe5 15.Nxe5 Nxe5
16.bxc5 Bxc5 17.Qxe5 Rxf2 18.Qxe6+ Kh8 19.Kh1 Qh4 20.Nf3 Rxf3 21.gxf3 Qf2
22.Be3 Qxf3+ 23.Kg1 Bf1 24.Rxf1 Bxe3+ 25.Qxe3 Qxe3+ 26.Rf2 Rf8 27.Rf1 g6
28.Bb3 Rxf2 29.Rxf2 Qxc3 30.Bxd5 Qc1+ 31.Kg2 Qg5+  0-1

[Event "10th EICC w"]
[Site "St Petersburg RUS"]
[Date "2009.03.08"]
[Round "1"]
[White "Gvetadze,Sopi"]
[Black "Zakharova,Al"]
[Result "1-0"]
[WhiteElo "2377"]
[BlackElo "2152"]

1.e4 e6 2.d4 d5 3.Nd2 Nc6 4.Ngf3 Nf6 5.e5 Nd7 6.Nb3 a5 7.a4 b6 8.c3 Be7 9.h4 h6
10.Bf4 Ncb8 11.Nc1 Ba6 12.Bxa6 Nxa6 13.Qd2 c5 14.Ne2 c4 15.h5 Qc7 16.g4 O-O-O
17.Bg3 Qc6 18.Nh4 Rdg8 19.f4 g5 20.hxg6 fxg6 21.Qc2 Nf8 22.Nf3 Qd7 23.O-O-O Nc7
24.Rh2 Rh7 25.Bf2 Ne8 26.b3 b5 27.bxc4 bxc4 28.Kd2 Bd8 29.Rb1 Rgh8 30.Rb5 Rf7
31.Qb2 Qa7 32.Rh1 Rb7 33.Rb1 Rhh7 34.Ng3 Rhf7 35.Be3 Ng7 36.Qc2 Rxb5 37.Rxb5 Rb7
38.Rxb7 Qxb7 39.f5 g5 40.fxe6  1-0

[Event "10th EICC w"]
[Site "St Petersburg RUS"]
[Date "2009.03.09"]
[Round "2"]
[White "Brunello,M"]
[Black "Grabuzova,T"]
[Result "1-0"]
[WhiteElo "2106"]
[BlackElo "2332"]

1.e4 e6 2.d4 d5 3.Nd2 a6 4.Ngf3 c5 5.exd5 exd5 6.dxc5 Bxc5 7.Bd3 Qe7+ 8.Qe2 Qxe2+
9.Kxe2 Nf6 10.Nb3 Ba7 11.Be3 Bg4 12.h3 Bh5 13.Bxa7 Rxa7 14.Rhe1 O-O 15.Nd4 Nbd7
16.Kf1 Nc5 17.Re7 Nxd3 18.cxd3 Rc8 19.Rae1 Kf8 20.Nh4 Bg6 21.Nhf5 Rca8 22.Rc7 b5
23.Ree7 Rxc7 24.Rxc7 b4 25.Ke2 h5 26.g3 a5 27.Ne3 Ke8 28.Rb7 h4 29.gxh4 Nh5
30.Nxd5 Kf8 31.Kd2 Rd8 32.Nc6 Re8 33.Nxa5 f6 34.Nc6 Bf5 35.Ncxb4 Bxh3 36.a4 Bg2
37.Rc7 Bf3 38.a5 Ra8 39.Rc5 Kf7 40.Nc7 Rc8 41.Ke3 Ba8 42.d4 g6 43.Nxa8 Rxa8
44.a6 Ke6 45.Rc7 Re8 46.Rb7 Kd6+ 47.Kf3 Re1 48.a7 Ra1 49.Ke3 Re1+ 50.Kd2 Ra1
51.Rb6+ Kc7 52.Na6+ Kxb6 53.a8=Q Rxa6 54.Qb8+ Kc6 55.d5+ Kc5 56.Kc3 Rd6 57.Qb7 Rb6
58.Qc7+ Kb5 59.Qc4+ Ka5 60.d6  1-0

[Event "10th EICC w"]
[Site "St Petersburg RUS"]
[Date "2009.03.09"]
[Round "2"]
[White "Styazhkina,A"]
[Black "Makka,I"]
[Result "0-1"]
[WhiteElo "1926"]
[BlackElo "2203"]

1.e4 e6 2.d4 d5 3.Nd2 Nc6 4.Ngf3 Nf6 5.e5 Nd7 6.c3 f6 7.exf6 Qxf6 8.Bd3 Bd6
9.O-O O-O 10.Nb3 e5 11.dxe5 Ncxe5 12.Ng5 Nxd3 13.Qxd3 Qf5 14.Qxf5 Rxf5 15.Nd4 Rf6
16.Nb5 h6 17.Nf3 c6 18.Nxd6 Rxd6 19.Re1 Nc5 20.Bf4 Re6 21.Rxe6 Bxe6 22.Nd4 Bd7
23.Be3 Na4 24.Rb1 b6 25.a3 c5 26.Nf3 Be6 27.Re1 Bf7 28.Bc1 Bh5 29.Nd2 Kf8
30.f3 c4 31.Nf1 Bg6 32.Ne3 Re8 33.Rd1 Bf7 34.Kf2 Nc5 35.Kf1 Nd3 36.Ng4 Nc5
37.Nf2 Na4 38.Re1 Rd8 39.Rd1 Ke8 40.Ng4 Bg6 41.Ne5 Bh7 42.Re1 Kf8 43.Rd1 b5
44.Rd2 Nc5 45.Kf2 Re8 46.Rxd5 Rxe5  0-1

[Event "10th EICC w"]
[Site "St Petersburg RUS"]
[Date "2009.03.10"]
[Round "3"]
[White "Bulmaga,I"]
[Black "Mkrtchian,L"]
[Result "0-1"]
[WhiteElo "2300"]
[BlackElo "2460"]

1.e4 e6 2.d4 d5 3.Nd2 Be7 4.Ngf3 Nf6 5.Bd3 c5 6.dxc5 dxe4 7.Nxe4 Nxe4 8.Bxe4 Qxd1+
9.Kxd1 Bxc5 10.Ke2 Nd7 11.Be3 Bxe3 12.Kxe3 Nc5 13.b4 Nxe4 14.Kxe4 b6 15.c4 Bb7+
16.Ke3 Ke7 17.Rhd1 Rhc8 18.Rd4 Rc7 19.Rc1 f6 20.c5 Bd5 21.Rd2 Rac8 22.Rdc2 bxc5
23.bxc5 e5 24.g3 Rb8 25.Nd2 Rb4 26.f3 Ra4 27.Nb1 Rxa2 28.Rc3 Rxh2 29.Na3 Rb2
30.Nc4 Bxc4 31.Rxc4 Rc6 32.Ra4 a6 33.f4 Rb5 34.fxe5 fxe5 35.Rg4 g6 36.Rh4 h5
37.Rhc4 Ke6 38.g4 h4 39.g5 h3 40.Kf2 Kd5 41.Rh4 Rbxc5 42.Rd1+ Ke6 43.Rxh3 Rc2+
44.Ke3 R2c3+ 45.Rd3 Rxd3+ 46.Kxd3 Kf5 47.Rf3+ Kxg5 48.Ke4 Rc5 49.Rg3+ Kf6
50.Rf3+ Ke6 51.Rg3 Rc4+ 52.Kd3 Rd4+ 53.Ke3 Kf5 54.Rg1 a5 55.Rf1+ Rf4 56.Rb1 a4
57.Rb8 g5 58.Rf8+ Kg4 59.Re8 a3 60.Ra8 Kg3 61.Ra5 g4 62.Ra7 Kg2 63.Ra5 g3  0-1

[Event "10th EICC w"]
[Site "St Petersburg RUS"]
[Date "2009.03.12"]
[Round "5"]
[White "De Seroux,C"]
[Black "Zakharova,Al"]
[Result "1/2-1/2"]
[WhiteElo "1928"]
[BlackElo "2152"]

1.e4 e6 2.d4 d5 3.Nd2 Nc6 4.c3 e5 5.exd5 Qxd5 6.dxe5 Nxe5 7.Qa4+ Bd7 8.Qe4 Nf6
9.Qxd5 Nxd5 10.Ngf3 Nxf3+ 11.Nxf3 O-O-O 12.Bc4 Re8+ 13.Kf1 Be6 14.Bb3 f6
15.Bd2 Bc5 16.Re1 c6 17.Bc2 g6 18.h4 Bg4 19.Be4 Re7 20.c4 Nb6 21.b3 Rhe8
22.Bb1 Nd7 23.Bc3 Rxe1+ 24.Bxe1 Bxf3 25.gxf3 Bd4 26.h5 f5 27.hxg6 hxg6 28.Rh6 Ne5
29.Kg2 Nxc4 30.Bb4 Ne5 31.f4 c5 32.Bd2 Ng4 33.Rxg6 Nxf2 34.Bxf5+ Kc7 35.Kf3 Nd1
36.Re6 Rf8  1/2-1/2

[Event "FIDE Women's Grand Prix"]
[Site "Instanbul TUR"]
[Date "2009.03.13"]
[Round "6"]
[White "Fierro Baquero,M"]
[Black "Hou Yifan"]
[Result "0-1"]
[WhiteElo "2403"]
[BlackElo "2571"]

1.e4 e6 2.d4 d5 3.Nd2 Nc6 4.Ngf3 Nf6 5.e5 Nd7 6.Be2 f6 7.exf6 Qxf6 8.Nf1 Bd6
9.Ne3 O-O 10.O-O Qg6 11.c4 Nf6 12.c5 Be7 13.Bb5 Bd7 14.Bxc6 Bxc6 15.Ne5 Qe8
16.N3g4 b6 17.cxb6 axb6 18.Nxc6 Qxc6 19.Ne5 Qe8 20.Be3 c5 21.Qb3 Rb8 22.Bf4 Ne4
23.Nd3 c4 24.Qd1 Rc8 25.f3 cxd3 26.fxe4 dxe4 27.Qg4 Qg6 28.Qxg6 hxg6 29.Rae1 Rxf4
30.Rxf4 e3 31.Rxe3 Bg5  0-1

[Event "10th EICC"]
[Site "Budva MNE"]
[Date "2009.03.14"]
[Round "8"]
[White "Jakovljevic,Vlado"]
[Black "Vavrak,P"]
[Result "1-0"]
[WhiteElo "2420"]
[BlackElo "2488"]

1.e4 e6 2.d4 d5 3.Nd2 Be7 4.Ngf3 Nf6 5.e5 Nfd7 6.Bd3 c5 7.c3 Nc6 8.O-O g5
9.dxc5 Ndxe5 10.Nxe5 Nxe5 11.Bb5+ Bd7 12.Bxd7+ Qxd7 13.Nf3 Nxf3+ 14.Qxf3 Rc8
15.b4 b6 16.Qh5 bxc5 17.Bxg5 Bxg5 18.Qxg5 Qe7 19.Qh6 Qf8 20.Qf4 Qg7 21.Qd6 Rg8
22.g3 Qxc3 23.Rac1 Qf6 24.Rxc5 Rd8 25.Qa6 Kf8 26.Rc7 d4 27.Qd3 h5 28.Rfc1 Kg7
29.Rxa7 Ra8 30.Rxa8 Rxa8 31.a3 e5 32.h4 Re8 33.Re1 Rc8 34.Qe4 Rc3 35.Qxe5 d3
36.Qe3 Rxa3 37.Rd1 Rb3 38.Rxd3 Rxb4 39.Rd5 Rb1+ 40.Kh2 Qh6 41.Rg5+ Kf8  1-0

[Event "10th EICC w"]
[Site "St Petersburg RUS"]
[Date "2009.03.16"]
[Round "8"]
[White "Pogonina,N"]
[Black "Hoang Thanh Trang"]
[Result "1/2-1/2"]
[WhiteElo "2467"]
[BlackElo "2483"]

1.e4 e6 2.d4 d5 3.Nd2 Be7 4.Bd3 c5 5.dxc5 Nf6 6.Qe2 O-O 7.Ngf3 a5 8.O-O Na6
9.e5 Nd7 10.c3 Naxc5 11.Bb5 f6 12.Nb3 Nxe5 13.Nxe5 fxe5 14.Qxe5 Ne4 15.a4 Bd6
16.Qh5 e5 17.Qe2 Qh4 18.f3 Nf6 19.Qf2 Qh5 20.Qg3 Be6 21.Be3 Bc7 22.Nc5 Bc8
23.Nd3 Rf7 24.Qg5 Qxg5 25.Bxg5 Bf5  1/2-1/2

[Event "10th EICC w"]
[Site "St Petersburg RUS"]
[Date "2009.03.17"]
[Round "9"]
[White "Bulmaga,I"]
[Black "Zakharova,Al"]
[Result "1/2-1/2"]
[WhiteElo "2300"]
[BlackElo "2152"]

1.e4 e6 2.d4 d5 3.Nd2 Nc6 4.Ngf3 Nf6 5.e5 Nd7 6.Nb3 a5 7.a4 b6 8.Bb5 Na7
9.Bd3 c5 10.c4 Bb7 11.O-O Be7 12.Re1 O-O 13.Be3 cxd4 14.Bxd4 Nc5 15.Bxc5 bxc5
16.Qc2 h6 17.Qc3 dxc4 18.Bxc4 Nc6 19.Red1 Qb6 20.Bb5 Nb4 21.Nfd2 Nd5 22.Qg3 Bg5
23.Nc4 Qc7 24.Re1 Bf4 25.Qg4 Bc8 26.g3 Bg5 27.Nd6 Ba6 28.Qc4 Bxb5 29.Nxb5 Qb6
30.Qxc5 Rfc8 31.Qxb6 Nxb6 32.N3d4 Be7 33.b3 Nd7 34.Rad1 Bb4 35.Re2 Nb6 36.Rc2 Nd5
37.Rdc1 Rxc2 38.Rxc2 Kh7 39.Nc6 Kg6 40.Kg2 Bf8 41.Ncd4 Rd8 42.g4 h5 43.h3 h4
44.Kf3 Kh6 45.Ke4 g5 46.Nc6 Ra8 47.Nd6 Kg6 48.Nc4 Bb4 49.Nxb4 Nxb4 50.Rd2 Nd5
51.Rxd5 exd5+ 52.Kxd5 Rc8 53.f3 Rd8+ 54.Ke4 Rd1 55.Nxa5 Re1+ 56.Kd3 Rh1 57.Nc6 Rxh3
58.Ke2 Rh2+ 59.Kf1 Kg7 60.a5 Ra2 61.b4 Kf8 62.b5 Ke8 63.b6 Rb2 64.Nd4 Kd7
65.Kg1 Ra2 66.Nf5 Rxa5 67.b7 Kc7 68.Nd6 Rxe5 69.Nxf7 Rd5 70.Kg2 Kxb7 71.Kh3 Kc7
72.Nh6 Rd3 73.Kg2 Rd2+ 74.Kg1 Kd7 75.Nf5 Ke6 76.f4 Kf6 77.Kh1 Ra2 78.fxg5+ Kxg5
79.Ne3 Re2 80.Nf1 Kxg4 81.Kg1 Kh3 82.Kh1 Re1 83.Kg1 Re2 84.Kh1 Rf2 85.Kg1 Re2
86.Kh1  1/2-1/2

[Event "10th EICC w"]
[Site "St Petersburg RUS"]
[Date "2009.03.18"]
[Round "10"]
[White "Molchanova,T"]
[Black "Zakharova,Al"]
[Result "1-0"]
[WhiteElo "2319"]
[BlackElo "2152"]

1.e4 e6 2.d4 d5 3.Nd2 Nc6 4.Ngf3 Nf6 5.e5 Nd7 6.Bd3 Nb4 7.Be2 c5 8.c3 Nc6
9.O-O f6 10.Re1 fxe5 11.Nxe5 Ndxe5 12.dxe5 Be7 13.Bd3 g6 14.Qg4 Kd7 15.Nf3 Kc7
16.Bh6 Bd7 17.Ng5 Qg8 18.a3 Bf8 19.Bxf8 Rxf8 20.b4 h6 21.Nh3 c4 22.Bc2 g5
23.Re3 Qg7 24.f4 Rhg8 25.fxg5 hxg5 26.Rae1 Ne7 27.Rg3 Qh6 28.Nxg5 Rf5 29.h4 Rff8
30.Rge3 Nf5 31.Bxf5 Rxf5 32.Rf1 Rgf8 33.Rxf5 Rxf5 34.Kh2 Ba4 35.Kg3 Bc2 36.Rf3 Kc6
37.Rxf5 Bxf5 38.Qd4 b6 39.a4 Qh5 40.Nf3 Be4 41.Qe3 Qh7 42.Nd4+ Kd7 43.Qg5 Qf7
44.h5 Qf1 45.Kh2 Qf7 46.h6 Bh7 47.Kg3 a6 48.b5 axb5 49.axb5 Be4 50.Nc6  1-0

[Event "25th Spring Festival"]
[Site "Budapest HUN"]
[Date "2009.03.20"]
[Round "1"]
[White "Pogats,J"]
[Black "Sebestyen,Bala"]
[Result "0-1"]
[WhiteElo "1958"]
[BlackElo "2283"]

1.e4 e6 2.d4 d5 3.Nd2 Nc6 4.Ngf3 Nf6 5.e5 Nd7 6.Bb5 a6 7.Be2 f6 8.exf6 Qxf6
9.Nb3 Bd6 10.O-O O-O 11.c3 e5 12.dxe5 Ndxe5 13.Qxd5+ Be6 14.Qd1 Rad8 15.Nbd4 Nxf3+
16.Bxf3 Bc4 17.Be2 Bxe2 18.Qxe2 Nxd4 19.cxd4 Qxd4 20.Be3 Qe5 21.g3 Rde8 22.Qc4+ Kh8
23.Bd4 Qf5 24.Qc3 Re7 25.Rae1 c5 26.Be3 h5 27.Bh6 Qg6 28.Rxe7 Bxe7 29.Be3 Qf5
30.Re1 h4 31.Bf4 Bf6 32.Qf3 Bd4 33.Qxb7 g5 34.Qxa6 gxf4 35.Qh6+ Kg8 36.Qxh4 Bxf2+
37.Kxf2 fxg3+  0-1

[Event "TOP 16 GpB"]
[Site "Cannes FRA"]
[Date "2009.03.20"]
[Round "1"]
[White "Parligras,M"]
[Black "Di Paolo,R"]
[Result "1-0"]
[WhiteElo "2605"]
[BlackElo "2336"]

1.e4 e6 2.d4 d5 3.Nd2 Be7 4.Ngf3 Nf6 5.e5 Nfd7 6.Bd3 c5 7.c3 Nc6 8.O-O g5
9.dxc5 Nxc5 10.Bb5 Bd7 11.Qe2 a6 12.Bxc6 Bxc6 13.Nd4 Qd7 14.N2b3 Bb5 15.Nxb5 Qxb5
16.Qxb5+ axb5 17.Nxc5 Bxc5 18.Bxg5 Rg8 19.h4 Ra4 20.b3 Rg4 21.Kh2 Re4 22.a4 bxa4
23.Rxa4 Rxa4 24.bxa4 Kd7 25.Be3 Rc8 26.Kg3 Bxe3 27.fxe3 Ke8 28.Rc1 Rc4 29.a5 Re4
30.Kf3 Kd7 31.Rb1 Kc7 32.g4 Rxe5 33.Rb4 f6 34.Rf4 h5 35.Rxf6 hxg4+ 36.Kxg4 Rxe3
37.Rf3 Re1 38.h5 Rh1 39.Rh3 Rg1+ 40.Kf4  1-0

[Event "10th Dos Hermanas Internet"]
[Site "ICC INT"]
[Date "2009.03.20"]
[Round "1.3"]
[White "Banikas,H"]
[Black "Grigoryan,Av"]
[Result "0-1"]
[WhiteElo "2582"]
[BlackElo "2506"]

1.e4 e6 2.d4 d5 3.Nd2 Nc6 4.Ngf3 Nf6 5.e5 Nd7 6.c3 f6 7.exf6 Qxf6 8.Bd3 Bd6
9.O-O O-O 10.Re1 e5 11.Qb3 Qf7 12.Bxh7+ Kh8 13.Qc2 exd4 14.Bg6 Qf6 15.Nb3 Nde5
16.Bh5 d3 17.Qd1 g6 18.Nxe5 Qxf2+ 19.Kh1 Nxe5 20.Bf3 Nxf3  0-1

[Event "TOP 16 GpA"]
[Site "Mulhouse FRA"]
[Date "2009.03.20"]
[Round "1"]
[White "Abergel,T"]
[Black "Legky,N"]
[Result "1-0"]
[WhiteElo "2509"]
[BlackElo "2468"]

1.e4 e6 2.d4 d5 3.Nd2 a6 4.Ngf3 Nf6 5.e5 Nfd7 6.c4 dxc4 7.Bxc4 Nb6 8.Bb3 Bd7
9.O-O Bc6 10.Bc2 Bd5 11.a3 Nc6 12.b3 Be7 13.Bb2 Qd7 14.Ne1 O-O-O 15.Nd3 f5
16.Qe2 g5 17.Rfd1 g4 18.Nc5 Qe8 19.Bd3 Bxc5 20.dxc5 Nd7 21.b4 Qh5 22.Bc4 Bxc4
23.Nxc4 f4 24.Qe1 Ndb8 25.Bc3 f3 26.a4 Rxd1 27.Rxd1 Rd8 28.b5 Ne7 29.Nd6+ cxd6
30.exd6 g3 31.hxg3 Rd7 32.dxe7 fxg2 33.Kxg2 Rxe7 34.Be5 Nd7 35.Bd6 Rf7 36.Rd2 Qf3+
37.Kg1 Rf6 38.Qe2 Qb3 39.c6 Nb6 40.Be7 Rf5 41.a5  1-0

[Event "47th XtraCon TCh-DEN 2008-9"]
[Site "Denmark DEN"]
[Date "2009.03.21"]
[Round "8"]
[White "Nielsen,Ni"]
[Black "Christensen,St"]
[Result "1-0"]
[WhiteElo "2197"]
[BlackElo "2313"]

1.e4 e6 2.d4 d5 3.Nd2 Be7 4.Bd3 c5 5.exd5 exd5 6.dxc5 Bxc5 7.Nb3 Bb6 8.Nf3 Nc6
9.O-O Nge7 10.Re1 O-O 11.Bg5 f6 12.Be3 Bg4 13.Bxb6 Qxb6 14.h3 Bh5 15.Be2 Rfe8
16.Nfd4 Bxe2 17.Rxe2 Ne5 18.c3 N7g6 19.Qc2 Nf4 20.Re3 Nc4 21.Rg3 Re4 22.Rg4 Rae8
23.Kh2 Qc7 24.g3 Ng6 25.Rxe4 dxe4 26.Re1 Qe5 27.Nd2 Nxd2 28.Qxd2 Qd5 29.Nb3 Qc6
30.Qe3 Qa4 31.Nc5 Qxa2 32.Nxe4 Kh8 33.Qd4 Qe6 34.Re3 Ne5 35.Nd2 Qf7 36.Qxa7 Rd8
37.Nf3 Nc4 38.Re2 Qd5 39.Qd4 Qxd4 40.Nxd4 Kg8 41.b3 Ne5 42.Kg2 Kf7 43.f4 Nc6
44.Re4 Nxd4 45.Rxd4 Rxd4 46.cxd4 Ke6 47.Kf3 Kd5 48.Ke3 b5 49.f5 g5 50.g4 h6
51.Kd3 b4 52.Ke3 Kd6 53.Ke4 Kc6 54.d5+ Kc5 55.d6 Kc6 56.d7 Kxd7 57.Kd5  1-0

[Event "TOP 16 GpA"]
[Site "Mulhouse FRA"]
[Date "2009.03.21"]
[Round "2"]
[White "Le Roy,B"]
[Black "Legky,N"]
[Result "1/2-1/2"]
[WhiteElo "2307"]
[BlackElo "2468"]

1.e4 e6 2.d4 d5 3.Nd2 a6 4.c3 c5 5.exd5 exd5 6.dxc5 Bxc5 7.Nb3 Bb6 8.Nf3 Nf6
9.Be2 O-O 10.O-O Nc6 11.Bg5 Re8 12.Bd3 Bg4 13.h3 Bh5 14.Bf5 Qd6 15.Qd3 Ne4
16.Nbd2 Nxg5 17.Nxg5 g6 18.Nc4 Qd8 19.Nxb6 Be2 20.Qxd5 Qxg5 21.Nxa8 Bxf1
22.Rxf1 Qxf5 23.Qxf5 gxf5 24.Nb6 Re2 25.Rb1 Ne5 26.a4 Nd3 27.Nc4 Rxf2 28.Rd1 Rf4
29.Rxd3 Rxc4 30.Rd4 Rc6 31.Kf2 Kg7 32.a5 Rc5 33.Rb4 Rxa5 34.Rxb7 Ra1 35.b4 Rc1
36.Rc7 Kf6 37.Rc5 h5 38.h4 Ke6 39.Kf3 f6 40.Kf2 Rc2+ 41.Kf3 Rc1 42.Rc6+  1/2-1/2

[Event "Open"]
[Site "Reykjavik ISL"]
[Date "2009.03.24"]
[Round "1"]
[White "Kryvoruchko,Y"]
[Black "Halldorsson,G"]
[Result "1-0"]
[WhiteElo "2604"]
[BlackElo "2248"]

1.e4 e6 2.d4 d5 3.Nd2 Be7 4.Ngf3 Nf6 5.Bd3 c5 6.dxc5 Nc6 7.Qe2 Bxc5 8.O-O O-O
9.e5 Nd7 10.Nb3 Be7 11.c3 Re8 12.Nbd4 Nf8 13.Re1 Bd7 14.g3 Rc8 15.h4 f6 16.Bf4 Nxd4
17.Nxd4 f5 18.Rad1 g5 19.hxg5 Bxg5 20.Qd2 Bxf4 21.Qxf4 Re7 22.Qe3 Rg7 23.f4 Qb6
24.Rd2 Qc5 25.Kf2 a5 26.a3 Qc7 27.Rh1 Qc5 28.Rh3 Qc7 29.Kf3 Qc5 30.Rg2 b6
31.Qe2 Re8 32.Ke3 Ree7 33.Kd2 Ng6 34.Qe3 Nf8 35.Be2 Be8 36.Qg1 Rc7 37.g4 Bg6
38.Rhg3 Rcf7 39.gxf5 exf5 40.Bf3 Kh8 41.Be2 Qe7 42.Qh1 Kg8 43.Bf3 Ne6 44.Bxd5 Nxf4
45.Bxf7+ Rxf7 46.Rf2  1-0

[Event "Battle of the GMs"]
[Site "Dapitan PHI"]
[Date "2009.03.25"]
[Round "2"]
[White "So,W"]
[Black "Gomez,Joh"]
[Result "1-0"]
[WhiteElo "2627"]
[BlackElo "2539"]

1.e4 e6 2.d4 d5 3.Nd2 Be7 4.c3 c5 5.dxc5 Bxc5 6.Bd3 Nf6 7.Qe2 dxe4 8.Nxe4 Be7
9.Nf3 Nbd7 10.O-O Qc7 11.Rd1 O-O 12.Bg5 Nd5 13.Bc2 Bxg5 14.Nexg5 N7f6 15.Qe5 Qc5
16.Rd4 b6 17.Ne4 Qe7 18.c4 Nb4 19.Nxf6+ Qxf6 20.Be4 Qxe5 21.Nxe5 Rb8 22.a3 Na6
23.b4 f6 24.Nd7 Bxd7 25.Rxd7 Rf7 26.Rad1  1-0

[Event "Open B"]
[Site "Zagreb CRO"]
[Date "2009.03.27"]
[Round "7"]
[White "Keglevic,P"]
[Black "Okrosa,M"]
[Result "1-0"]
[WhiteElo "2267"]
[BlackElo "2079"]

1.e4 e6 2.d4 d5 3.Nd2 Nc6 4.c3 dxe4 5.Nxe4 Qd5 6.Ng3 e5 7.dxe5 Qxd1+ 8.Kxd1 Nxe5
9.Bf4 Bd6 10.Kc2 Be6 11.Re1 Ng4 12.Bxd6 cxd6 13.Bb5+ Kd8 14.Nh3 a6 15.Be2 Bf5+
16.Nxf5  1-0

[Event "Masters"]
[Site "Caen FRA"]
[Date "2009.03.28"]
[Round "1"]
[White "Geenen,M"]
[Black "Picard,Ro"]
[Result "1/2-1/2"]
[WhiteElo "2333"]
[BlackElo "2394"]

1.e4 e6 2.d4 d5 3.Nd2 Be7 4.c3 c5 5.dxc5 Bxc5 6.Bd3 Nc6 7.Ngf3 Nf6 8.Qe2 Bb6
9.O-O O-O 10.e5 Nd7 11.Nb3 f6 12.exf6 Nxf6 13.Nbd4 Qe8  1/2-1/2

[Event "Open"]
[Site "Reykjavik ISL"]
[Date "2009.03.28"]
[Round "5"]
[White "Cross,T"]
[Black "Halldorsson,G"]
[Result "0-1"]
[WhiteElo "2076"]
[BlackElo "2248"]

1.e4 e6 2.d4 d5 3.Nd2 Be7 4.Ngf3 Nf6 5.Bd3 c5 6.dxc5 O-O 7.O-O a5 8.a4 Na6
9.e5 Nd7 10.Nb3 Naxc5 11.Nxc5 Nxc5 12.Bb5 Bd7 13.Qe2 Rc8 14.Be3 Bxb5 15.Qxb5 Qc7
16.Rfe1 Rfd8 17.c3 Qc6 18.Nd4 Qxb5 19.Nxb5 Nb3 20.Ra2 Rc4 21.Bb6 Ra8 22.g3 g5
23.h3 h5 24.Nd6 Rc6 25.Be3 b6 26.Nb5 Nc5 27.f4 gxf4 28.gxf4 Kh7 29.Kh2 Rg8
30.Rg1 Rxg1 31.Kxg1 Nb3 32.Na7 Rc4 33.Bxb6 Kg6 34.Kg2 Kf5 35.Be3 Ke4 36.Kf2 Bh4+
37.Ke2 d4 38.Bxd4 Nc1+ 39.Kd2 Nxa2 40.Nb5 Kxf4 41.b3 Rc6 42.Kc2 Nb4+ 43.Kd2 Nd5
44.c4 Ne7 45.Bc3 Ra6 46.Nc7 Ra7 47.Nb5 Rd7+ 48.Ke2 Nc6 49.c5 Bd8 50.Nd6 Nxe5
51.Bd2+ Kg3  0-1

[Event "Masters"]
[Site "Caen FRA"]
[Date "2009.03.29"]
[Round "2"]
[White "Geenen,M"]
[Black "Leconte,M"]
[Result "1/2-1/2"]
[WhiteElo "2333"]
[BlackElo "2334"]

1.e4 e6 2.d4 d5 3.Nd2 Nc6 4.Ngf3 Nf6 5.e5 Nd7 6.c3 f6 7.Bb5 Be7 8.exf6 Bxf6
9.Qe2 Qe7 10.O-O O-O 11.Re1 Re8 12.Nf1 Nf8 13.Bf4 Bd7 14.Ne3 Qf7 15.Bxc6 Bxc6
16.Ne5 Bxe5 17.Bxe5 Ng6 18.Qh5 Re7 19.Bg3 Rae8 20.Ng4  1/2-1/2

[Event "Masters"]
[Site "Caen FRA"]
[Date "2009.04.01"]
[Round "6"]
[White "Lefebvre,H"]
[Black "Vojinovic,J"]
[Result "1/2-1/2"]
[WhiteElo "2246"]
[BlackElo "2331"]

1.e4 e6 2.d4 d5 3.Nd2 Be7 4.Bd3 c5 5.dxc5 Nf6 6.Qe2 Nc6 7.Ngf3 Nb4 8.Nb3 O-O
9.O-O a5 10.a4 b6 11.e5 Nd7 12.c6 Nxc6 13.Rd1 Bb7 14.Nbd4 Nc5 15.Nxc6 Bxc6
16.Nd4 Bd7 17.Bb5 f6 18.Bf4 Qe8 19.c4 fxe5 20.Bxe5 Bxb5 21.axb5 Qf7 22.Ra3 Ne4
23.Rf3 Qg6 24.cxd5 exd5 25.Rxf8+ Rxf8 26.f3 Ng5 27.Kh1 Re8 28.Qc2 Bc5 29.Qxg6 hxg6
30.Nc6 d4 31.h4 Ne6 32.Rd2 Kf7 33.Kh2 Rh8 34.Kg3 Rh5 35.Bxd4 Bxd4 36.Nxd4 Rd5
37.Nb3 Rxb5 38.Nc1 Rc5 39.Ne2 b5 40.Nf4 Nxf4 41.Kxf4 b4 42.Rd7+ Kg8 43.Ra7  1/2-1/2

[Event "ch-DEN"]
[Site "Silkeborg DEN"]
[Date "2009.04.04"]
[Round "1"]
[White "Boje,T"]
[Black "Jorgensen,BJ"]
[Result "1/2-1/2"]
[WhiteElo "2018"]
[BlackElo "2274"]

1.e4 e6 2.d4 d5 3.Nd2 Be7 4.Bd3 c5 5.dxc5 a5 6.Ngf3 Nf6 7.O-O O-O 8.exd5 exd5
9.Re1 Na6 10.Nb3 a4 11.Nbd4 Bg4 12.h3 Bh5 13.c6 Nb8 14.cxb7 Ra7 15.Bf4 Rxb7
16.Bxb8 Qxb8 17.Nc6 Qd6 18.Nxe7+ Rxe7 19.Rxe7 Qxe7 20.b3 a3 21.Qe1 Qc5 22.Qe3 Qa5
23.Qd2 Qc5 24.Qe3 Qa5 25.g4 Bg6 26.Bxg6 hxg6 27.Nd2 Re8 28.Qd3 Ne4 29.Nxe4 dxe4
30.Qe3 Qe5 31.c3 Rd8 32.Re1 f5 33.Kg2 Qf6 34.g5 Qc6 35.c4 Rd3 36.Qf4 Rf3
37.Qb8+ Kh7 38.Re3 Rxe3 39.fxe3 Qd7 40.Qg3 Qd2+ 41.Qf2 Qb2 42.Kf1 Kg8 43.h4 Kf7
44.Qe2 Ke6 45.Ke1 Qc1+ 46.Kf2 Qh1 47.c5 Qxh4+ 48.Kf1  1/2-1/2

[Event "TCh-HUN 2008-9"]
[Site "Budapest HUN"]
[Date "2009.04.05"]
[Round "10"]
[White "Glatt,G"]
[Black "Galyas,M"]
[Result "0-1"]
[WhiteElo "2258"]
[BlackElo "2454"]

1.e4 e6 2.d4 d5 3.Nd2 Nc6 4.Ngf3 Nf6 5.e5 Nd7 6.Be2 f6 7.exf6 Qxf6 8.Nf1 Bd6
9.Ne3 O-O 10.O-O Qg6 11.b3 Nf6 12.Bb2 Bf4 13.Bb5 Qh6 14.Qe2 e5 15.g3 e4 16.Ne5 Bxe3
17.Qxe3 Qxe3 18.fxe3 Nxe5 19.dxe5 Ng4 20.Rxf8+ Kxf8 21.Bd4 Be6 22.a4 Kg8
23.h3 Nh6 24.g4 Nf7 25.Kg2 a6 26.Be2 Re8 27.Kg3 Nd8 28.h4 Bf7 29.g5 Nc6 30.Kf4 Be6
31.Rf1 Ne7 32.h5 Nf5 33.Bc5 b6 34.Ba3 c5 35.Bxa6 Rf8 36.Rf2 Nd4+ 37.Kg3 Rxf2
38.Kxf2 Nxc2 39.Bb2 d4 40.exd4 cxd4 41.Bc4 Kf7 42.Ke2 Ke7 43.Kd2 d3 44.Bxe6 Kxe6
45.Bc3 g6 46.hxg6 hxg6 47.Bb2 Kd5 48.Bc3 Ke6 49.Bb2 Nb4 50.Bc3 Nc6 51.Ke3 Kd5
52.e6 Ne7 53.Kf4 Nf5 54.Bd2 Kd4 55.b4 e3 56.e7 exd2 57.e8=Q d1=Q 58.Qxg6 Qf1+
59.Kg4 Ne3+  0-1